Versiones del Bogotazo / (Registro nro. 6576)
[ vista simple ]
| 000 -LEADER | |
|---|---|
| fixed length control field | 01197cam a2200301Ii 4500 |
| 001 - CONTROL NUMBER | |
| control field | ocn970042105 |
| 003 - CONTROL NUMBER IDENTIFIER | |
| control field | OCoLC |
| 005 - DATE AND TIME OF LATEST TRANSACTION | |
| control field | 20200221153649.0 |
| 007 - PHYSICAL DESCRIPTION FIXED FIELD--GENERAL INFORMATION | |
| fixed length control field | ta |
| 008 - FIXED-LENGTH DATA ELEMENTS--GENERAL INFORMATION | |
| fixed length control field | 190514s2018 ck a gr 001 0 spa d |
| 020 ## - INTERNATIONAL STANDARD BOOK NUMBER | |
| International Standard Book Number | 9789588997957 |
| 040 ## - CATALOGING SOURCE | |
| Original cataloging agency | CO-BoPUJ |
| Language of cataloging | spa |
| Transcribing agency | CO-JMCR |
| 082 04 - DEWEY DECIMAL CLASSIFICATION NUMBER | |
| Classification number | 986.108 |
| Item number | A319v |
| 100 1# - MAIN ENTRY--PERSONAL NAME | |
| Personal name | Alape, Arturo, |
| Relator term | autor |
| 9 (RLIN) | 837 |
| 245 10 - TITLE STATEMENT | |
| Title | Versiones del Bogotazo / |
| Statement of responsibility, etc. | Arturo Alape [y otros diez] |
| 250 ## - EDITION STATEMENT | |
| Edition statement | Primera edición. |
| 264 #1 - PRODUCTION, PUBLICATION, DISTRIBUTION, MANUFACTURE, AND COPYRIGHT NOTICE | |
| Place of production, publication, distribution, manufacture | Bogotá : |
| Name of producer, publisher, distributor, manufacturer | Alcaldía Mayor de Bogotá ; Instituto Distrital De Las Artes, |
| Date of production, publication, distribution, manufacture, or copyright notice | 2018 |
| 300 ## - PHYSICAL DESCRIPTION | |
| Extent | 221 páginas : |
| Other physical details | ilustraciones ; |
| Dimensions | 17 cm |
| 490 1# - SERIES STATEMENT | |
| Series statement | Libro al viento. Colección Capital ; |
| Volume/sequential designation | 131. |
| 500 ## - GENERAL NOTE | |
| General note | Biografías de los autores en páginas 218-221. |
| 520 ## - SUMMARY, ETC. | |
| Summary, etc. | Cuando la noche del 9 de abril envolvió a Bogotá, la total ausencia del alumbrado eléctrico no se hizo notar, porque la ciudad estaba iluminada por cien incendios. |
| 600 14 - SUBJECT ADDED ENTRY--PERSONAL NAME | |
| Personal name | Gaitán, Jorge Eliécer |
| Dates associated with a name | 1903-1948 |
| 9 (RLIN) | 838 |
| 650 14 - SUBJECT ADDED ENTRY--TOPICAL TERM | |
| Topical term or geographic name entry element | Violencia |
| Geographic subdivision | Colombia |
| 9 (RLIN) | 839 |
| 650 24 - SUBJECT ADDED ENTRY--TOPICAL TERM | |
| Topical term or geographic name entry element | Insurrección del 9 de abril de 1948 |
| 9 (RLIN) | 840 |
| 651 #4 - SUBJECT ADDED ENTRY--GEOGRAPHIC NAME | |
| Geographic name | Colombia |
| General subdivision | Historia |
| -- | Periodo de La Violencia |
| Chronological subdivision | 1947-1957 |
| 9 (RLIN) | 841 |
| 830 #0 - SERIES ADDED ENTRY--UNIFORM TITLE | |
| Uniform title | Libro al viento |
| 9 (RLIN) | 842 |
| 942 ## - ADDED ENTRY ELEMENTS (KOHA) | |
| Source of classification or shelving scheme | Dewey Decimal Classification |
| Koha item type | Books |
| Withdrawn status | Lost status | Source of classification or shelving scheme | Damaged status | Not for loan | Home library | Current library | Shelving location | Date acquired | Source of acquisition | Cost, normal purchase price | Total Checkouts | Full call number | Barcode | Date last seen | Date last checked out | Copy number | Price effective from | Koha item type |
|---|---|---|---|---|---|---|---|---|---|---|---|---|---|---|---|---|---|---|
| Dewey Decimal Classification | Biblioteca Pública José María del Castillo y Rada | Biblioteca Pública José María del Castillo y Rada | Processing Center | 02/20/2020 | Donación | 0.00 | 2 | 986.108 A319v | 201809459 | 08/26/2024 | 08/23/2024 | Ej.1 | 02/21/2020 | Books | ||||
| Dewey Decimal Classification | Biblioteca Pública José María del Castillo y Rada | Biblioteca Pública José María del Castillo y Rada | Processing Center | 02/20/2020 | Donación | 0.00 | 3 | 986.108 A319v | 201809900 | 08/26/2024 | 08/23/2024 | Ej.2 | 02/21/2020 | Books |